Le joueur espagnol le mieux classé par édition du Ballon d'Or - Statistiques

Statistiques générales
  • Ce quiz a été pris 140 fois
  • Le résultat moyen est 26 sur 60
Statistiques - réponses
Années Classement Postes Joueurs % Correct
2025 2 A Lamine Yamal
100%
2016 20 M Andrés Iniesta
99%
2015 9 M Andrés Iniesta
99%
2013 6 M Andrés Iniesta
99%
2012 3 M Andrés Iniesta
99%
2010 2 M Andrés Iniesta
99%
2024 1 M Rodri
98%
2023 5 M Rodri
98%
2011 3 M Xavi
98%
2009 3 M Xavi
98%
2018 19 D Sergio Ramos
91%
2017 6 D Sergio Ramos
91%
2008 3 A Fernando Torres
90%
2021 24 M Pedri
74%
2003 7 A Raul Gonzalez
70%
2002 7 A Raul Gonzalez
70%
2001 2 A Raul Gonzalez
70%
1999 9 A Raul Gonzalez
70%
1998 22 A Raul Gonzalez
70%
1997 7 A Raul Gonzalez
70%
1996 20 A Raul Gonzalez
70%
2006 19 D Carles Puyol
66%
1959 1 A Alfredo Di Stefano
53%
1957 1 A Alfredo Di Stefano
53%
1956 2 A Alfredo Di Stefano
53%
1965 3 A Luis Suarez
41%
1964 2 A Luis Suarez
41%
1963 8 A Luis Suarez
41%
1962 16 A Luis Suarez
41%
1961 2 A Luis Suarez
41%
1960 1 A Luis Suarez
41%
1995 18 D Fernando Hierro
37%
2007 8 M Cesc Fabregas
34%
1987 3 A Emilio Butragueño
33%
1986 3 A Emilio Butragueño
33%
2014 11 A Diego Costa
29%
2004 16 A Fernando Morientes
28%
1958 12 A Francisco Gento
13%
2000 8 M Gaizka Mendieta
13%
1981 22 G Luis Arconada
11%
1980 12 G Luis Arconada
11%
1977 22 D José Martinez Sanchez
10%
2005 23 M Luis Garcia
5%
1989 13 M/A Michel
4%
1988 16 M/A Michel
4%
1972 18 A Amancio Amaro
3%
1968 7 A Amancio Amaro
3%
1979 27 M/A Juan Manuel Asensi
3%
1973 16 M/A Juan Manuel Asensi
3%
1975 11 D Pirri
3%
1971 15 D Pirri
3%
1967 12 D Pirri
3%
1991 13 M/A Aitor Begiristain
2%
1990 12 M Rafael Martin Vazquez
2%
1976 24 A Santillana
2%
1984 25 D Antonio Maceda
0%
1970 29 A Carles Rexach
0%
1994 17 M José Luis Caminero
0%
1969 21 M Manuel Velazquez
0%
1985 14 D Rafael Gordillo
0%
Aucun quiz correspondant
Distribution des résultats
% des personnes avec chaque résultat
Percentile par nombre de réponses
Votre historique - résultats
Vous n’avez pas pris ce quiz